| Tag |
First Indicator |
Second Indicator |
Subfields |
| LEADER |
00000cam a2200000Ma 4500 |
| 001 |
in00001530521 |
| 005 |
20151021180228.0 |
| 008 |
990526s1999 paua c 000 0 eng d |
| 020 |
|
|
|a 0876331312
|
| 035 |
|
|
|a (OCoLC)41563943
|
| 040 |
|
|
|a MNU
|c MNU
|d RSD
|d TXA
|d UtOrBLW
|
| 049 |
|
|
|a TXAM
|
| 050 |
|
4 |
|a N7113.G68
|b A4 1999
|
| 100 |
1 |
|
|a Goya, Francisco,
|d 1746-1828.
|
| 245 |
1 |
0 |
|a Goya, another look :
|b an exhibition organized by the Philadelphia Museum of Art and the Palais des Beaux-Arts, Lille.
|
| 264 |
|
1 |
|a Philadelphia, Pa. :
|b Philadelphia Museum of Art,
|c [1999]
|
| 264 |
|
4 |
|c ©1999
|
| 300 |
|
|
|a 72 pages :
|b illustrations (chiefly color) ;
|c 31 cm.
|
| 336 |
|
|
|a text
|b txt
|2 rdacontent
|
| 337 |
|
|
|a unmediated
|b n
|2 rdamedia
|
| 338 |
|
|
|a volume
|b nc
|2 rdacarrier
|
| 500 |
|
|
|a Published on the occasion of an exhibition at the Philadelphia Museum of Art, April 11 to July 11, 1999.
|
| 500 |
|
|
|a "This exhibition was organized by Arnauld Brejon de Lavergnée ... Joseph J. Rishel"--Title page verso.
|
| 600 |
1 |
0 |
|a Goya, Francisco,
|d 1746-1828
|v Exhibitions.
|
| 700 |
1 |
|
|a Brejon de Lavergnée, Arnauld.
|
| 700 |
1 |
|
|a Rishel, Joseph J.
|
| 710 |
2 |
|
|a Philadelphia Museum of Art.
|
| 710 |
1 |
|
|a Lille (France).
|b Musée des beaux-arts.
|
| 948 |
|
|
|a cataloged
|b h
|c 2000/3/9
|d c
|e jgreene
|f 12:28:00 pm
|
| 994 |
|
|
|a E0
|b TXA
|
| 999 |
|
|
|a MARS
|
| 999 |
f |
f |
|s 2fe266b9-d7cc-3098-b094-2ef33fcabde6
|i 7c55c793-b520-3dee-968d-ea81fcdd613e
|t 0
|
| 952 |
f |
f |
|p normal
|a Texas A&M University
|b College Station
|c Sterling C. Evans Library
|d Evans: Library Stacks
|t 0
|e N7113.G68 A4 1999
|h Library of Congress classification
|i unmediated -- volume
|m A14825907779
|
| 998 |
f |
f |
|a N7113.G68 A4 1999
|t 0
|l Evans: Library Stacks
|